Female Actors - Statistics

General Stats
  • This quiz has been taken 56 times
  • The average score is 38 of 216
Answer Stats
Picture Answer % Correct
Emma Watson
82%
Emma Stone
80%
Megan Fox
76%
Angelina Jolie
74%
Jennifer Aniston
74%
Margot Robbie
74%
Meryl Streep
70%
Anne Hathaway
68%
Ariana Grande
66%
Sandra Bullock
66%
Kate Winslet
62%
Selena Gomez
62%
Gwyneth Paltrow
60%
Scarlett Johansson
60%
Jessica Alba
58%
Julia Roberts
58%
Cameron Diaz
56%
Drew Barrymore
56%
Halle Berry
54%
Jenna Ortega
54%
Kristen Stewart
54%
Sofia Vergara
54%
Anya Taylor-Joy
52%
Jodie Foster
52%
Kristen Bell
52%
Uma Thurman
52%
Amy Adams
50%
Elizabeth Olsen
50%
Kirsten Dunst
50%
Jennifer Lawrence
48%
Milly Bobby Brown
48%
Sydney Sweeney
48%
Cate Blanchett
46%
Michelle Pfeiffer
46%
Salma Hayek
46%
Barbra Streisand
44%
Florence Pugh
44%
Gal Gadot
42%
Lindsay Lohan
42%
Sadie Sink
42%
Carrie Fisher
40%
Dakota Johnson
40%
Emily Blunt
40%
Natalie Portman
40%
Zoe Saldana
38%
Blake Lively
36%
Rachel McAdams
36%
Jenna Fischer
34%
Kat Dennings
30%
Olivia Colman
30%
Brie Larson
28%
Eva Longoria
28%
Lily Collins
28%
Sophie Turner
28%
Elle Fanning
26%
Sarah Silverman
24%
Zooey Deschanel
24%
Angela Bassett
22%
Claire Danes
22%
Emilia Clarke
22%
Felicity Jones
22%
Margaret Qualley
22%
Marisa Tomei
22%
Mindy Kaling
22%
Daisy Ridley
20%
Emma Roberts
20%
Hailee Steinfeld
20%
Michelle Rodriguez
20%
Robin Wright
20%
Felicity Huffman
18%
Shelley Duvall
18%
Teri Hatcher
18%
Evangeline Lilly
16%
Krysten Ritter
16%
Letitia Wright
16%
Mia Goth
16%
Miranda Cosgrove
16%
Rachel Weisz
16%
Ali Wong
14%
America Ferrera
14%
Emma Myers
14%
Karen Gillan
14%
Kate Mara
14%
Mandy Moore
14%
Parker Posey
14%
Sarah Hyland
14%
Shailene Woodley
14%
Tessa Thompson
14%
Abigail Breslin
12%
Cobie Smulders
12%
Gemma Chan
12%
Julia Louis-Dreyfus
12%
Julie Bowen
12%
Olivia Munn
12%
Shay Mitchell
12%
Allison Williams
10%
Anna Gunn
10%
Danielle Brooks
10%
Marcia Cross
10%
Rosario Dawson
10%
Amy Ryan
8%
Chrissy Metz
8%
Iman Vellani
8%
Kate Walsh
8%
Lauren Cohan
8%
Michaela Coel
8%
Pom Klementieff
8%
Amandla Stenberg
6%
Ellie Kemper
6%
Emma Corrin
6%
Emmy Rossum
6%
Famke Janssen
6%
Hannah John-Kamen
6%
Jameela Jamil
6%
Jenna Elfman
6%
Jennifer Jason Leigh
6%
Jessica Gunning
6%
Kathryn Newton
6%
Melissa Fumero
6%
Sofia Boutella
6%
Sophia Lillis
6%
Tatiana Maslany
6%
Teyonah Parris
6%
Thora Birch
6%
Ambika Mod
4%
Angela Kinsey
4%
Auli'i Cravalho
4%
Charlotte Ritchie
4%
Christine Applegate
4%
Clémence Poésy
4%
Danai Gurira
4%
Dominique Thorne
4%
Gillian Jacobs
4%
Julie Delpy
4%
Kate Flannery
4%
Katherine Langford
4%
Lashana Lynch
4%
Laurie Holden
4%
Maggie Grace
4%
Melissa Benoist
4%
Phyllis Smith
4%
Sarah Wayne Callies
4%
Tati Gabrielle
4%
Taylor Schilling
4%
Victoria Pedretti
4%
Zoe Kazan
4%
Alicia Witt
2%
Alisha Boe
2%
Betsy Brandt
2%
Brenda Strong
2%
Christian Serratos
2%
Danielle Panabaker
2%
Elizabeth Lail
2%
Emily Bett Rickards
2%
Emma Kenney
2%
Fivel Stewart
2%
Haley Lu Richardson
2%
Jillian Bell
2%
Katie Cassidy
2%
Lesley-Ann Brandt
2%
Melora Hardin
2%
Pollyanna McIntosh
2%
Rose Bryne
2%
Samantha Logan
2%
Xochitl Gomez
2%
Alanna Masterson
0%
Alaqua Cox
0%
Alexa Mansour
0%
Alexa Nisenson
0%
Aliyah Royale
0%
Alycia Debnam-Carey
0%
Amy Hargreaves
0%
Angel Theory
0%
Anne Charrier
0%
Brighton Sharbino
0%
Cailey Fleming
0%
Candice Patton
0%
Cassady McClincy
0%
Christine Evangelista
0%
Danay Garcia
0%
Danielle Nicolet
0%
Eleanor Matsuura
0%
Emily Baldoni
0%
Emily Kinney
0%
Emily Rios
0%
Emma Bell
0%
Emma Caulfield Ford
0%
Grace Saif
0%
Jack Haven
0%
Jenna Boyd
0%
Jessica Barden
0%
Jessica Hecht
0%
Jessica Parker Kennedy
0%
Julia Ormond
0%
Karen David
0%
Katelyn Nacon
0%
Kayla Compton
0%
Kim Dickens
0%
Laïka Blanc-Francard
0%
Laura Fraser
0%
Lauren Ridloff
0%
Leah Lewis
0%
Lindsley Register
0%
Mahina Napoleon
0%
Melissa McBride
0%
Merritt Wever
0%
Nadia Hilker
0%
Nancy Carell
0%
Natalie Gold
0%
Renée Elise Goldsberry
0%
Samantha Morton
0%
Sonequa Martin-Green
0%
Susanna Thompson
0%
Sydney Park
0%
Tovah Feldshuh
0%
Zoey Merchant
0%
No matching quizzes found
Score Distribution
Percent of People with Each Score
Percentile by Number Answered
Your Score History
You have not taken this quiz